Ανάλυση χαρακτηριστικών των επιχειρήσεων του κλάδου των μεταφορών στην Ελλάδα : διπλωματική εργασία
Saved in:
| Main Author: | |
|---|---|
| Corporate Author: | |
| Other Authors: | |
| Format: | Thesis Book |
| Language: | Greek |
| Published: |
2003
|
| Subjects: | |
| Tags: |
Add Tag
No Tags, Be the first to tag this record!
|
MARC
| LEADER | 00000cam a2200000 i 4500 | ||
|---|---|---|---|
| 001 | 1/41869 | ||
| 008 | 031008s2003 gre d | ||
| 035 | |l 10071066 | ||
| 040 | |a GR-MY-UA |b gre |e aacr | ||
| 041 | 0 | |a gre | |
| 082 | 0 | |a 388.09495 |2 (22) | |
| 100 | 1 | |a Σεβασλίδη, Ελένη. | |
| 245 | 1 | 0 | |a Ανάλυση χαρακτηριστικών των επιχειρήσεων του κλάδου των μεταφορών στην Ελλάδα : |b διπλωματική εργασία / |c Ελένη Σεβασλίδη ; επιβλέπων: Σεραφείμ Κάπρος ; διευθυντής σπουδών: Ν. Λίτινας |
| 260 | |c 2003 | ||
| 300 | |a 58 σ.; |b διαγρ., πιν.; |c 30 εκ. | ||
| 502 | |a Πτυχιακή εργασία – Πανεπιστήμιο Αιγαίου, Χίος, 2003. | ||
| 610 | 2 | 0 | |a Πανεπιστήμιο Αιγαίου. |
| 650 | 0 | 0 | |a Factor analysis. |
| 650 | 0 | 0 | |a Transportation |z Greece. |
| 650 | 0 | 0 | |a Dissertations, Academic |z Greece. |
| 700 | 1 | |a Κάπρος, Σεραφείμ. |4 ths | |
| 710 | 1 | |a Πανεπιστήμιο Αιγαίου |b Σχολή Επιστημών της Διοίκησης |b Τμήμα Ναυτιλίας και Επιχειρηματικών Υπηρεσιών - Τ.Ν.Ε.Υ. | |
| 852 | |a INST |b CHIOS |c DIATR |e 20031008 |h 388.09495 ΣΕΒ |p 005200013123 |q 005200013123 |t DIE |y 23 | ||
| 852 | |a INST |b CHIOS |c DIATR |e 20031008 |h 388.09495 ΣΕΒ |p 005200013124 |q 005200013124 |t DIE |y 23 | ||
| 901 | |a BIBL2-2003-3 | ||
| 909 | |a Χ |b 105776 | ||
| 909 | |a Χ |b 105777 | ||
| 924 | |a Σεβασλίδη |b Ελένη |y Χίος |z 2003-10 | ||
| 970 | |a Σπέντζα |b Ελένη |z 2003/10/08 | ||